000 01023namaa22003011i 4500
003 EG-GICUC
005 20260105123804.0
008 260105s2001 mr ||||jr|||| 00| 0 ara d
017 _a201 / 1112
_bالمكتبة الوطنية (المغرب)
020 _a9954025049
040 _aEG-GiCUC
_bara
_cEG-GiCUC
_dEG-GiCUC
_erda
082 0 4 _221
_a190
_bH126
092 0 4 _221
_a190
_bH126
099 _a190 H126
100 1 _aالحدادى، عزيز
_eمؤلف.
245 1 2 _aالفليسوف وجنون الرؤية /
_cعزيز الحدادى
250 _aالطبعة الاولى
264 _aفاس (المغرب) :
_bدار ما بعد الحداثة،
_c2001.
300 _a132 صفحة ؛
_c20 سم
336 _2rdacontent
_atext
337 _2rdamedia
_aUnmediated
338 _2rdacarrier
_avolume
541 _aد. جابر عصفور ؛
_bالقاهرة ؛
_cإهداء ؛
_d2024.
650 1 7 _aالفلسفة الغربية
_2qrmak
651 1 _2qrmak
905 _aNermeen
942 _2ddc
_cBK
_e21
_n0
999 _c177413
_d177413